[Event "Aars get2net Cup GM"]
[Site "Aars"]
[Date "1999.10.20"]
[Round "5"]
[White "Nielsen, Peter Heine"]
[Black "Bekker Jensen, Simon"]
[Result "1-0"]
[WhiteElo "2560"]
[BlackElo "2436"]
[Annotator "Mikhalevski,V"]
[PlyCount "81"]
[EventDate "1999.10.18"]
[EventType "tourn"]
[EventRounds "9"]
[EventCountry "DEN"]
[EventCategory "9"]
[SourceTitle "CBM 074"]
[Source "ChessBase"]
[SourceDate "2000.02.01"]
[SourceVersion "1"]
[SourceVersionDate "2000.02.01"]
[SourceQuality "1"]

1. Nf3 Nf6 2. c4 g6 3. g3 Bg7 4. Bg2 O-O 5. O-O c6 6. Nc3 d6 (6... d5 $5) 7. d3
(7. d4 {Transports to King's Indian,but White decides to play more flexible.})
7... Qa5 $6 {[%cal Ga5h5] Rare and not very fortunate continuation.Black
prepares Qh5 following by Bh3,but after simple h3 he just loses important time
as 8...Qh5 is dangerous in view of 9.Ng5!} ({Common lines starts with} 7...
Nbd7) (7... a6) ({or} 7... e5) 8. h3 $1 e5 $146 {Black recognizes mistakeness
of his last move.His queen will have to come back.} ({In the previous games
black tried other continuations:} 8... Qh5 9. Ng5 Na6 10. Rb1 Bh8 11. g4 $16 {
1-0 Schussler,H-Backwinkel,P/FRG 1982/GER-chT (48)}) (8... h6 9. Bd2 (9. Rb1 $5
{[%cal Gb2b4]}) 9... Qc7 10. b4 $14 {0-1 Agudelo,A-Suarez,L/COL-ch 1988/TD (75)
}) 9. Rb1 {[%cal Gb2b4]} Nbd7 10. b4 Qd8 {Black is two tempo down in
comparision with 7...Nbd7 or 7...e5.} 11. Nd2 Re8 12. Nde4 {In my opinion
exchange of all knights relieves the defence.So 12.b5 seems to be more logical.
} (12. b5 $5) 12... Nxe4 13. Nxe4 Nf6 14. Nxf6+ Bxf6 15. b5 c5 {[%csl Rd5]
Very risky decision.Black weakens a big diagonal and in particular the
d5-square.His following actions will be directed for realizing advance d6-d5
or e5-e4.All following play will be concentrated on this points and I think
Black's chances to solve this problem are very low.} (15... Qc7 $5) 16. h4 Qe7
17. Be3 Be6 18. Qd2 Rad8 {[%cal Gd6d5]} 19. Rfc1 $1 {[%csl Rc5] Making advance
d6-d5 difficult.} h5 (19... b6 {[%cal Gd6d5] renewing the idea of d6-d5 seems
to be logical continuation of the previous strategy.For example} 20. Bc6 ({
Bad is} 20. Bd5 $2 Bxd5 21. cxd5 Qb7 {[%csl Rd5]}) 20... Rf8 21. Bd5 $6 Bxd5
22. cxd5 Qb7 23. Bh6 Bg7 24. Bxg7 Kxg7 25. e4 f5 {and Black is on top.}) 20.
Bg5 Kg7 $2 {[%mdl 16384] Serious strategical blunder.After this inaccurate
move Black gets under strong pressure while after simple 20...B:g5 or 20...b6
White should prove his priority.} (20... Bxg5 $142) (20... b6 $142) 21. Bxf6+
Kxf6 {Sad necessity.} (21... Qxf6 {loses a pawn}) 22. Qh6 $1 {Now it's not so
simple to get back.} (22. b6 $5 a6 $140 23. Qh6) 22... Qd7 (22... Rh8 $4 {
loses to} 23. Qg5+) 23. f4 $1 {[%csl Rf6]} ({Again} 23. b6 $5 {was interesting,
but Nielsen decides to start decisive offensive.}) 23... exf4 24. Rf1 $1 Rh8 {
Finally Black forces White's queen to leave,but White has already developed
strong initiative and leaves Black's king in peace only for a while.} 25. Qxf4+
({Dubious is} 25. Rxf4+ $6 Bf5 26. Qg5+ Kg7 {[%csl Rg5][%cal Rf7f6] and White
has to take care of his queen.}) 25... Kg7 26. Qf6+ Kh7 27. Rf4 {[%cal Gb1f1]
Bringing another rook into play White strengthens the pressure.} Rhe8 28. Rbf1
Qe7 {Black is working hard to drive White's queen out first from h6 and then
from f6,but she is leaving not for long.} 29. Qc3 Rf8 30. Rf6 Bg4 31. R1f2 $1 {
[%mdl 32] Such quiet moves are most unpleasant ones for the defending side.
White is conrolling all the board while Black is lack of useful moves and
makes a decisive blunder.Maybe he should retreat to e6 with the bishop,but the
position is already very difficult.} Kh6 $2 {[%mdl 8192] loses at least a pawn.
} (31... Qe3 {is not much better.For example} 32. Kh2 {[%cal Gf6f7]} Bf5 (32...
Be6 33. Bxb7 $16) 33. R2xf5 $1 gxf5 34. Rxf5 f6 (34... Qd4 35. Qc1 $1 $18) 35.
Qc2 $1 $16 {[%csl Rb7,Rh5,Rh7]}) (31... Be6 $5) 32. Bd5 $1 {[%csl Rf7]} (32.
Qd2+ $143 Kg7 33. Qg5 Qe5 $1 34. Qxe5 dxe5 35. Bxb7 Bxe2 $1 {[%csl Rf6]}) 32...
Be6 $8 33. Be4 {[%cal Gc3c1,Gc1g5]} (33. Qd2+ {leads by force to the winning
queen ending with an extra pawn.} Kh7 (33... Kg7 34. Qg5 $1 {[%csl Re7,Rg7]
[%cal Rf6g6,Rd5e6]}) 34. Qe3 Rde8 35. Bxe6 fxe6 36. Rxf8 Rxf8 37. Rxf8 Qxf8 38.
Qxe6 $16) 33... Kh7 $8 (33... d5 {loses to} 34. Bxg6 $1 fxg6 35. Qe5 $1 {
[%cal Re5g5,Gf6e6]} Rxf6 (35... Qg7 36. Qf4+ {[%cal Gf6f8]}) 36. Rxf6 Qg7 37.
Qe3+ (37. Qg5+ $5 Kh7 38. Rxe6 Rd7 39. cxd5 $18) 37... Kh7 38. Qxe6 {[%cal
Gf6f7]} Re8 39. Qxe8 Qxf6 40. Qd7+ Kh6 41. Qxd5 $18) 34. Bg2 {[%cal Gc3c1,
Gc1g5]} (34. Qc1 {can be met by} d5 {so first White takes away his bishop
preparing Qc3-c1-g5.}) 34... Kg8 (34... d5 {allows decisive penetration of
White's queen into the centre.} 35. Qe5 $1 dxc4 36. Be4 $1 {[%cal Re5h5]} cxd3
37. Qxh5+ Kg7 38. Bxg6 Rh8 39. Qe5 $1 $18) 35. Qc1 $1 $18 {[%cal Gc1g5]
Decisive manoeuvre.White brings his queen up to g5 and Black is unable to
defend his monarch against straight attack.} Kg7 (35... d5 {is late as after}
36. Qg5 {White is unstopable.} Qd7 37. Bf3 $1 {[%csl Rg8][%cal Rf3h5]} Kh7 (
37... dxc4 38. Be4 $1 $18 {[%cal Re4g6]} (38. Bxh5 Qd5 $1)) 38. Bxh5 $1 {
[%cal Rh5g6]} Rg8 39. Bg4 Rg7 40. Bxe6 fxe6 41. h5 $18) 36. Qg5 {[%csl Re7]
[%cal Rf6g6,Gg2e4] White's threats are too strong.} Rd7 (36... Qe8 {doesn't
save as after simple} 37. Bxb7 $18 {[%cal Rb7c6] with the idea Bc6 Black has
to give up all his cental pawns or an exchange.} (37. Be4 {[%csl Rf8][%cal
Re4g6]} Rh8 38. Bxb7 $18)) 37. Be4 {[%csl Rg7][%cal Re4g6] Now Black is
defenceless against B:g6.} Qe8 38. Bxg6 fxg6 39. Rxf8 Qe7 40. Qxe7+ {White's
queen worked very good and can be changed.} Rxe7 41. Rd8 1-0

[Event "Swidnica"]
[Site "Swidnica"]
[Date "1999.03.24"]
[Round "1"]
[White "Rustemov, Alexander"]
[Black "Zezulkin, Jurij"]
[Result "1-0"]
[WhiteElo "2539"]
[BlackElo "2473"]
[Annotator "Mikhalevski,V"]
[PlyCount "45"]
[EventDate "1999.03.??"]
[EventType "tourn"]
[EventRounds "9"]
[EventCountry "POL"]
[EventCategory "10"]
[SourceTitle "CBM 071"]
[Source "ChessBase"]
[SourceDate "1999.08.01"]
[SourceVersion "1"]
[SourceVersionDate "1999.08.01"]
[SourceQuality "1"]

1. Nf3 {Yakovich} Nf6 2. c4 g6 3. Nc3 d5 4. Qa4+ {An interesting idea to swich
to good Gruenfeld(5.Qb3 with black bishop on d7)} Bd7 5. Qb3 dxc4 6. Qxc4 Bg7
7. e4 {'!' Yakovich.} O-O 8. e5 {The idea of early e4.White is making use of a
fact that black's knight can't retreat to d7(see previous comment).After 8.
d4?! black can swich to normal Gruenfeld after 8...Bg4(Smyslov variation),but
much better is 8...b5! solving the opening problems at once.} Ng4 (8... Be6 $6
9. Qh4 (9. exf6 $5) 9... Nd5 10. Ng5 (10. Be2 c5 11. Ne4 Nd7 12. Neg5 h6 13.
Nxe6 fxe6 14. d4 cxd4 15. O-O Nxe5 16. Nxe5 Bxe5 17. Bxh6 Bg7 18. Bd3 Qe8 19.
Bxg7 Kxg7 20. Qxd4+ $16 {1/2-1/2 Boersma,P-Peek,M/Groningen 1988/EXT 97 (41)})
10... h6 11. Nxe6 fxe6 12. Qe4 Nxc3 13. dxc3 Qd5 14. Qxg6 Qxe5+ 15. Be3 $16 {
1-0 Adamski,J-Vujic,B/Valjevo 1984/MCD (41)}) (8... Ne8 {[%csl Rd5][%cal Gc7c6,
Ge8c7] looks passive,but maybe not so bad} 9. d4 c6 10. Be2 Nc7 11. h4 Bg4 12.
Ng5 Bxe2 13. Kxe2 c5 $1 $132 14. dxc5 Nc6 15. f4 Qd4 $1 16. Qxd4 Nxd4+ 17. Kf2
f6 $1 18. exf6 exf6 19. Nf3 Nc2 $1 20. Rb1 Na6 21. Ne1 Nxe1 22. Rxe1 Nxc5 23.
Rd1 f5 24. Be3 Rac8 25. Bd4 $11 Bxd4+ 26. Rxd4 Ne6 27. Rd7 Nc5 {1/2-1/2
Biriukov,O-Yandemirov,V/St. Petersburg 1998/EXT 99 (27)}) 9. d4 Be6 (9... Nc6 {
was tried in the game Ivanchuk-Shirov,Rubinstein mem 1998} {but after} 10. Bf4
Na5 11. Qe2 $1 $14 {White is better in view of unfortunate position of black
knights.}) 10. d5 Bf5 11. Bf4 {[%cal Gh2h3]} Nd7 12. Qe2 {[%csl Rf5,Rg4][%cal
Gh2h3]} f6 {Otherwise black pieces feel very uncomfortable on the kingside.}
13. e6 Nde5 (13... Nc5 $6 14. Qc4 b6 15. Nd4 Ne5 16. Bxe5 fxe5 17. Nc6 Qe8 18.
b4 Nb7 19. Nb5 Rc8 20. Nbxa7 Ra8 21. Nb5 Rc8 22. Rc1 Nd6 23. Nxd6 cxd6 24. Be2
{1-0 Drogoon,A-Vorobiov,E/RUS-Cup02/1998 (30)}) 14. Rd1 $1 $146 {[%mdl 8]} ({
In the origin game black has got good counterchances after} 14. Bxe5 fxe5 15.
h3 Nf6 16. Rd1 e4 17. Ne5 c6 $1 18. dxc6 Qc7 19. cxb7 Rad8 $1 $36 {0-1 Goldin,
A-Mikhalevski,V/Rishon Le Zion 1997/CBM 62 ext (30);71/12}) 14... c6 $2 {
Desisive mistake.Black should solve the problem of the knight on g4.} (14...
Nxf3+ $5 15. Qxf3 Ne5 16. Qg3 {'+/-' Yakovich.} (16. Qe3 $16 {Yakovich}) 16...
Qd6 $13) (14... Qd6 $5 15. Nd4 (15. h3 $5 Nxf3+ 16. gxf3 (16. Qxf3 Ne5) 16...
Ne5 (16... Qxf4 $2 17. hxg4 $18 {[%csl Rf5]}) 17. Bg3 {[%csl Re5][%cal Gf3f4]}
g5 $13) 15... Bd3 $1 16. Qd2 (16. Rxd3 $2 Nxd3+ 17. Qxd3 Qxf4) (16. Bxe5 $2
fxe5) (16. Qxg4 Bxf1 17. Kxf1 (17. Bxe5 fxe5) 17... Nxg4 (17... Qa6+ $4 18. Qe2
) 18. Bxd6 cxd6 {[%cal Gf6f5] and black is OK.} {For example following
variation is possible:} 19. h3 Ne5 20. b3 {[%csl Re5][%cal Gf2f4]} Rac8 21.
Nce2 Rc5 $5 22. f4 Rxd5 23. Nc3 Rc5 24. Ne4 Rd5 (24... Rcc8 25. fxe5 fxe5+ 26.
Nf3 d5 $13) 25. Nc3 $11) 16... Bxf1 (16... f5 {is interesting,but not necessary
} {For instance:} 17. h3 $5 Bxf1 $8 (17... Nf6 $2 18. Ndb5 {[%csl Re5]} Bxb5
19. Nxb5 Qb6 20. Bxe5 Ne4 21. Bd4 $1 Nxd2 22. Bxb6 Nxf1 23. Bd4 $18 {[%csl Rf1]
}) 18. Kxf1 (18. Rxf1 Nf6 19. Ndb5 Nd3+ $1 (19... Nc4 $2 20. Bxd6 $1 (20. Qd4
Qb4 21. b3 Nxd5 $1 22. Qxd5 Bxc3+ 23. Nxc3 Qxc3+) 20... Nxd2 21. Bxe7 Nxf1 22.
Bxf8) 20. Qxd3 Qxf4 $13) 18... Nf6 $5 (18... Qa6+ 19. Qe2 Qxe2+ 20. Kxe2 Nh6
21. b3 {[%csl Re5,Rh6][%cal Gh1e1] doesn't look too good for Black.}) 19. Qe2 (
19. Ndb5 Nc4 $13) 19... Nh5 $1) 17. Kxf1 (17. Rxf1 Nd3+ $5 18. Qxd3 Qxf4) 17...
Nc4) 15. Nd4 $1 $16 {Now Black is in big troubles.} Bd3 {An attempt to
complicate the play leads to immediate disaster,but what else?} 16. Rxd3 Nxd3+
17. Qxd3 cxd5 18. Be2 Ne5 19. Qb5 $18 {[%csl Rd5] Now the d5-pawn is falling}
g5 (19... a6 {doesn't help} 20. Qxd5 Qxd5 21. Nxd5 Rfd8 22. Nb6 $1 ({but not} 
22. Nxe7+ $2 Kf8 {[%csl Re7]}) 22... Rxd4 $140 (22... Rab8 $142) 23. Bxe5 $18)
20. Be3 f5 21. Bxg5 f4 22. O-O Ng6 (22... h6 23. Bh4 Ng6 24. Nf3 {doesn't
bring relief}) 23. Rd1 (23. Rd1 {after} h6 24. Bh5 {Black is helpless}) 1-0

[Event "USA-ch Gr-A"]
[Site "Salt Lake City"]
[Date "1999.08.23"]
[Round "1"]
[White "Gurevich, Dmitry"]
[Black "Yermolinsky, Alex"]
[Result "1/2-1/2"]
[WhiteElo "2537"]
[BlackElo "2588"]
[Annotator "Mikhalevski,V"]
[PlyCount "136"]
[EventDate "1999.08.05"]
[EventType "tourn"]
[EventRounds "7"]
[EventCountry "USA"]
[EventCategory "13"]
[SourceTitle "CBM 073"]
[Source "ChessBase"]
[SourceDate "1999.12.01"]
[SourceVersion "1"]
[SourceVersionDate "1999.12.01"]
[SourceQuality "1"]

1. Nf3 Nf6 2. c4 g6 3. Nc3 d5 4. Qa4+ {Popularity of this line is not
accidental.Despite rather big ammount of games played in this line black still
can't find a clear way to equality.So the current game can be considered as an
attempt to revive dying Anti-Gruenfeld.} Bd7 5. Qb3 dxc4 6. Qxc4 Nc6 ({As
practice shows} 6... Bg7 {is dangerous in view of} 7. e4 {following by} Z0 8.
e5) (6... a6 {is the third possible continuation which remains almost
unexplored one.}) 7. d4 {The best.Other moves are weaker:} (7. g3 Bg7 8. Bg2
O-O 9. O-O Bg4 (9... e5 10. d3 Rb8 11. Qh4 $14 {1/2-1/2 Soltau,A-Rabe,K/BL2-N
1984/EXT 97-B (29)}) 10. Qa4 (10. d3 Bxf3 11. Bxf3 Ne5 12. Qf4 Nxf3+ 13. Qxf3
c6 14. Bd2 Nd5 15. Rfc1 Qd7 $11 {1/2-1/2 Lechtynsky,J-Leko,P/Nettetal 1992/CBM
28 (25)}) 10... Qd7 11. d3 Bxf3 12. Bxf3 Nd4 13. Bxb7 Nxe2+ 14. Kg2 Qxa4 15.
Nxa4 Rab8 16. Bf3 Nd4 17. Bd1 Nd5 $15 {1/2-1/2 Ibragimov,I-Vokarev,S/Novgorod
RUS 1999 (20)}) (7. Ng5 e6 8. d4 $13 {1-0 Schaller,S-Voigt,U/Gruenheide 1997/
EXT 98 (25)}) 7... a6 $5 $146 {[%mdl 8] An interesting novelty.Black combines
ideas both 6...Nc6 and 6...a6 lines.The effect of this surprise turns out very
strong for Dmitri Gurevich.He doesn't find a good reply and from the very
beginning fights for a draw.} (7... Bg7 {All preceding games continiued this
way} 8. e4 O-O ({An attempt of immediate attack of the white's centre also
deserves some attention:} 8... Bg4 9. d5 Bxf3 10. gxf3 Ne5 11. Qa4+ Nfd7 12.
Be2 O-O 13. f4 Nb6 14. Qb3 Ned7 15. Be3 c6 $1 16. dxc6 bxc6 17. h4 Rb8 18. Qc2
e5 19. h5 exf4 20. Bxf4 Ne5 {and black is probably not worse.1-0 Van Wely,
L-Mikhalevski,V/Dieren 1999 (67)}) 9. e5 Ng4 {transposes into 6...Bg7} (9...
Be6 10. exf6 $1 Bxc4 11. fxg7 Kxg7 12. Bxc4 Nxd4 13. Nxd4 Qxd4 14. Be2 Rad8 15.
O-O Qe5 16. Be3 Rd7 17. Rfe1 Qa5 18. a3 Rfd8 19. Bg4 f5 20. Bf3 e5 21. Bg5 (21.
Bxb7 $1 c5 22. Bc6 Rd6 (22... f4 23. Bxd7 Rxd7 24. Bc1 c4 25. h3 $1 $18 {
Anand; /\ Re2, Bd2}) 23. Bb5 a6 24. Bf1 $18) 21... e4 22. Be2 c6 23. Bxd8 Qxd8
24. Red1 b5 25. Rxd7+ Qxd7 26. Rd1 Qe6 27. g3 a5 28. Rd2 e3 29. Rd3 exf2+ 30.
Kxf2 Qe5 31. Bf3 Qc5+ 32. Kf1 {1/2-1/2 Kramnik,V-Ivanchuk,V/Belgrade 1997/CBM
62/[Baburin] (32)}) 10. Bf4 Na5 11. Qe2 c5 (11... Kh8 $2 {loses to} 12. h3 Nh6
13. Bxh6 Bxh6 14. e6 $1 Bc6 15. Qe5+ $18 {[%cal Re5h8,Re5a5] 1-0 Vaulin,
A-Vokarev,S/Novgorod RUS 1999 (49)}) 12. h3 cxd4 13. Nxd4 Nh6 14. Rd1 Qb6 15.
Qd2 Nf5 16. Nxf5 Bxf5 17. Nd5 Qd8 18. Qb4 $1 $16 {Ivanchuk-Shirov 35-th
Rubinstein mem Polanice Zdroj 1998 CBM67[Ribli]}) 8. d5 $6 {This attempt to
punish Black for the slow play in the opening (6...Nc6,7...a6) only helps him
to create dangerous counterplay.} (8. e4 {deserved serious attention as} Bg4 9.
Be3 {leads into Smyslov variation of Gruenfeld with useless a7-a6 included.})
8... Na7 {[%cal Gc7c6,Ga7b5] Suddenly the d5-pawn becomes an object of attack.}
9. Bg5 (9. e4 c6 10. Ne5 b5 $1 (10... cxd5 $6 11. Nxd5 $1 Nxd5 12. Qxd5 {
[%cal Rd5f7,Rd5b7]}) 11. Qb3 cxd5 12. exd5 (12. Nxd5 $2 Be6) 12... Bg7 $11 {
[%cal Ge8g8]}) 9... Nb5 {[%csl Rb2][%cal Gf8g7] Hidden idea of Black's setup.
Yermolinsky immediately makes use of inaccurate play of White.} 10. Rd1 (10. e4
$5) 10... Bg7 11. Na4 $2 {[%mdl 16384] Very strange decision.White gives up
the e4-square for nothing of his own free will.} ({Now} 11. e4 {was necessary}
Nxc3 (11... O-O 12. e5 Nxc3 13. bxc3 (13. Qxc3 Ne4 14. Qe3 Nxg5 15. Nxg5 $13))
12. Qxc3 (12. bxc3 b5 13. Qb4 (13. Qe2) 13... Bg4 14. Be2 Qd6 $13) 12... O-O
13. Qc2) 11... Nd6 12. Qb3 Nfe4 $15 {[%csl Ra4]} 13. Be3 (13. Bf4 $5) 13... O-O
{[%cal Gd8e8] preparing very unpleasant Qe8} 14. Bd4 (14. Nc5 Nxc5 15. Bxc5 Qe8
16. Rc1 e6 $1 $36) 14... Qe8 $1 15. Nc3 $8 (15. Bxg7 $4 Bxa4) (15. Nc5 $2 Nxc5
16. Bxc5 Ba4 $19) 15... Nxc3 $1 (15... e5 16. dxe6 (16. Be3 f5) 16... Bxe6 17.
Qc2 Nxc3 18. bxc3) 16. Qxc3 $8 (16. Bxg7 $2 Nxd1 17. Bxf8 Ba4 $1 $19) 16... Nb5
{[%cal Rb5c3,Rb5d4]} 17. Qc2 Nxd4 18. Nxd4 e6 $5 (18... c6 {seems to be even
stronger} 19. dxc6 Bxc6 20. e3 (20. Nxc6 Qxc6 $1 21. Qxc6 bxc6 $17 {[%csl Rb2,
Re1]}) 20... Rc8 21. Nxc6 Qxc6 22. Qxc6 Rxc6 23. Rd7 Rc2 24. Rxb7 Rd8 $1 {
[%csl Ra2,Rb2,Re1,Rf2]}) 19. dxe6 ({After} 19. Qxc7 {White's king is in big
danger.} exd5 20. Qxb7 Rb8 21. Qxa6 Rxb2 22. Qa3 Bxd4 23. Rxd4 Rb1+ 24. Rd1 Qe4
$1 $36) 19... Bxe6 20. e3 Bd5 {[%csl Rg2] making normal development difficult}
(20... Rd8 21. Be2 Qe7 {[%cal Ge6a2]} (21... Bxd4 22. exd4 c6 $15) 22. a3 Bd5
23. O-O $15) 21. Nf3 {[%cal Gf1e2,Ge1g1]} (21. Qxc7 {is dangerous in view of}
Bxd4 $1 22. Rxd4 Rc8 23. Qa5 (23. Qf4 Rc1+ 24. Rd1 Rxd1+ 25. Kxd1 Qc6 $40 {
[%csl Ra2,Rd1,Rg2]}) 23... Rc1+ 24. Kd2 Qc6 $40 {[%csl Rd2][%cal Gc6c2]}) 21...
Qe4 $1 {[%csl Rb2] Despite exchange of queens Black keeps positional
initiative thanks to the development advantage and pair of bishops.} 22. Qxe4
Bxe4 23. Nd2 (23. b3 $2 Bc3+ 24. Ke2 Rad8 $1) (23. Bd3 $5 Bxf3 24. gxf3 Bxb2
25. Be4) 23... Bc6 24. b3 (24. Nc4 Rfd8 25. Rc1 Rd7 $17 {[%csl Gc6,Rg2,Gg7]
and it's difficult for White to complete development.}) 24... Rfd8 {[%cal
Gg7c3,Gd8d7]} 25. Rc1 ({If White doesn't prevent Bc3 he loses at least a pawn:
} 25. Rg1 Bc3 {[%cal Gd8d2]} 26. Ke2 $8 Rd7 27. Nc4 $8 Rxd1 $1 (27... Rad8 $143
28. Rxd7 (28. Rc1 Rd3 $1 $19 {[%cal Gb7b5,Gd3d2]}) 28... Rxd7 {[%cal Gb7b5]}
29. g3 $1 b5 30. Bh3 $1 {[%cal Gg1c1]}) 28. Kxd1 b5 29. Kc2 $8 (29. Na3 Rd8+
30. Kc2 Bb4 31. Nb1 Be4+ 32. Kc1 Be1 $1 $19 {[%csl Re3,Rf2]}) 29... Be1 $1 30.
Be2 Bxf2 31. Rf1 Bh4 $17) 25... Rd7 $1 $17 {[%cal Ga8d8]} 26. Nf3 $5 {Gurevich
is looking for chances in the endgame with the bishops of opposite colours.} (
26. Nc4 $5) 26... Bxf3 (26... Rad8 $143 27. Be2) 27. gxf3 Rad8 28. f4 $1 {
preparing escape of his king} c6 {[%cal Gd7d2]} ({in case of} 28... Rd2 29.
Rxc7 Rd1+ 30. Ke2 R8d2+ 31. Kf3 {which was impossible before 28.f4!}) 29. Rc2
$1 {White has to reduce Black's attacking potential.} (29. Be2 Rd2 30. a4 Rb2
31. Rd1 Bc3+ 32. Kf1 Bd2 33. Bc4 $140 b5 {[%csl Rb3]}) 29... Rd2 30. Rxd2 Bc3
31. Bh3 Rxd2 32. O-O Rxa2 33. Rd1 Bf6 {[%csl Gd8][%cal Gf6h4]} (33... Rb2 34.
Rd8+ Kg7 35. Rd7 Rxb3 36. Be6 Rb2 37. Rxf7+ Kh6 38. Kg2 a5) 34. Bc8 b5 (34...
Bh4 35. Bxb7 Bxf2+ 36. Kg2 Bxe3+ 37. Kf3 Bb6 38. h3 Ra3 39. Rd3 c5 40. Bd5) 35.
Rd6 Bh4 {[%csl Re3,Rf2]} 36. Rxc6 Bxf2+ 37. Kg2 Bxe3+ 38. Kf3 Bg1 $6 {Makes
the win more difficult.} (38... Bd2 $1 {[%csl Rb3,Gc3][%cal Ga2b2] was much
simplier:} 39. Bxa6 (39. f5 a5 $1 40. Rc5 Bb4 41. Rxb5 Rxh2 $19) 39... Rb2 40.
f5 (40. Bxb5 Rxb3+ 41. Ke2 Rxb5 (41... Bxf4 $5 $19) 42. Kxd2 Rb2+ $19) 40...
Rxb3+ 41. Ke2 (41. Ke4 gxf5+) 41... Rb2 42. f6 h6 43. Kd3 Bg5 44. Rc8+ Kh7 45.
Rf8 Bxf6 46. Rxf7+ Bg7 $19 {[%csl Rh2] and presence of rooks makes Black's win
possible.}) 39. Bxa6 Rf2+ (39... Rb2 40. Rc3 $1 (40. Bxb5 $2 Rxb3+ 41. Kg2 Rxb5
42. Kxg1 Rb4 43. f5 Rg4+ 44. Kh1 g5 $1 45. f6 h6 $19 {[%cal Gg8h7,Gh7g6,Gg4f4]}
)) 40. Kg3 (40. Ke4 Bxh2 $19 {[%csl Rf4]}) 40... Rb2 41. Rc3 $8 (41. Bxb5 Rxb3+
42. Kg2 Rxb5 43. Kxg1 Rb4 $1 $19 {see 39...R:b2 40.B:b5?}) 41... b4 42. Rc8+
Kg7 43. Bc4 {[%csl Rf7][%cal Gc8c7]} Bxh2+ 44. Kf3 f5 $2 {[%mdl 16384]
Decisive mistake.Now White escapes attacking Black's king.} (44... Bg1 $3 {
was necessary preventing both 45.Rc7 and 45.Rb8 and preparing Ra2-a7.} 45. Rd8
$1 {[%cal Gd8d7]} (45. Rc7 Rf2+ 46. Kg3 Rxf4 $1 47. Kxf4 $140 Bh2+) (45. Rb8 {
[%cal Gb8b7]} Rf2+ 46. Kg3 Rxf4 $1 $19) 45... Ra2 $1 46. Rd1 (46. Rd7 Ra7 47.
Rxa7 Bxa7 $19 {and Black wins thanks to the pawns on the queen side.}) 46...
Bc5 47. Rd5 (47. Rd7 Ra7 $19 {see 46.Rd7}) 47... Ra5 $1 {and Black probably
wins.} (47... Be7 $143 48. Rd7 Kf6 49. Rb7 $1 Ra1 (49... Ra8 50. Rb6+ Kg7 51.
Rb7 Kf8 52. f5 $1 {[%cal Gf5f6]}) 50. Rb6+ Kg7 51. Rb7 Re1 52. Kf2 Re4 53. Kf3)
) 45. Rc7+ Kh8 46. Rc8+ Kg7 47. Rc7+ Kf8 (47... Kf6 $4 48. Rf7#) (47... Kh6 48.
Bg8 g5 49. Rxh7+ Kg6 50. fxg5 Bg1 (50... Kxg5 51. Rg7+ Kf6 52. Rg2 $11) 51. Rd7
$11) 48. Rf7+ $1 Ke8 49. Rxh7 Rc2 $1 {[%cal Gc2c3]} 50. Rb7 {[%cal Gc4f7]} (50.
Bf7+ $5 Ke7 51. Bxg6+ Kf6 52. Bf7 Rc3+ $15) 50... Kf8 51. Rf7+ Kg8 52. Rb7+ (
52. Rxf5+ $4 Rxc4 $19) 52... Kh8 53. Bf7 (53. Rxb4 $5 Rc3+ 54. Ke2 Bxf4 55. Bf7
Kg7 56. Bxg6 Bd6 $140 57. Rb6) 53... Rc3+ 54. Ke2 Kg7 (54... Bxf4 55. Bxg6 Rxb3
56. Bxf5 $11) 55. Bd5+ (55. Be8+ $5 {[%csl Rg6]}) 55... Kh6 56. Rxb4 Kh5 57.
Rc4 $5 Rxb3 58. Rc7 (58. Rc8 $5 Rb4 59. Rc4 Rxc4 60. Bxc4 Bxf4 $11 {see 59...R:
c4 instead of 59...Rb5}) 58... Rb4 (58... Rb5 59. Bf3+ Kh4 60. Rc6 {and draw
is inevitable.}) 59. Rc4 $1 Rb5 (59... Rxc4 60. Bxc4 Bxf4 {leads into
theoretically drawish position.}) 60. Bc6 Rb6 ({or} 60... Rb2+ 61. Kf3 Rb3+ 62.
Kg2 Bg3 63. Be8 $11) 61. Kf3 Kh4 62. Be8 Rb3+ 63. Kg2 Rb2+ 64. Kf1 (64. Kf3
$143 Bg1 $1 {[%cal Gb2f2,Gg1b6]}) 64... Kg4 65. Bxg6 $11 Rb5 (65... Bxf4 66.
Rc5 Kf3 67. Bxf5 $11) 66. Kg2 Bxf4 67. Bh5+ Kg5 68. Be2 Be5 (68... Be5 69. Rg4+
fxg4 70. Bxb5 $11) 1/2-1/2